[Event "CAN-ch U08 Girls"]
[Site "Quebec"]
[Date "2008.07.16"]
[Round "7"]
[White "MacInnis, Maggie Rose"]
[Black "Wang, Emily"]
[Result "1-0"]
[WhiteElo "910"]
[BlackElo "702"]
[PlyCount "53"]
[EventDate "2008.07.14"]
[EventType "swiss"]
[EventRounds "7"]
[EventCountry "CAN"]
[SourceTitle "EXT 2011"]
[Source "ChessBase"]
[SourceDate "2010.11.26"]
[SourceVersion "1"]
[SourceVersionDate "2010.11.26"]
[SourceQuality "1"]

1. e4 e5 2. Nf3 Nc6 3. Bb5 Nf6 4. 0-0 Nxe4 5. Re1 Bc5 6. Rxe4 d6 7. d4 Bb6 8. d5 Bd7 9. dxc6 Bxc6 10. Bxc6+ bxc6 11. Nc3 0-0 12. Bg5 Qd7 13. Nxe5 Qc8 14. Nxc6 Qb7 15. Qd5 Kh8 16. Be7 Rfe8 17. b4 a6 18. Rc4 f6 19. Qf7 h6 20. Rg4 Rg8 21. Nd8 Qc8 22. Ne6 g5 23. Qxf6+ Kh7 24. Nxg5+ Rxg5 25. Qf7+ Kh8 26. Bf6+ Rg7 27. Qxg7# 1-0